Realitná hostina s otáznym koncom

Pohľad na situáciu na realitnom trhu. Ponuka nestíha dopytu, čo nahráva do karát developerom. Trh čakajú zmeny v zložení obyvateľstva.

Salvato in:
Dettagli Bibliografici
Autore principale: Vašuta, Tomáš
Natura: Capitolo di libro
Lingua:slovacco
Soggetti:
Tags: Aggiungi Tag
Nessun Tag, puoi essere il primo ad aggiungerne!!

MARC

LEADER 00000naa a2200000 4500
001 0234466
005 20170719091117.3
041 0 |a slo 
044 |a SK 
245 1 0 |a Realitná hostina s otáznym koncom  |c Tomáš Vašuta 
520 |a Pohľad na situáciu na realitnom trhu. Ponuka nestíha dopytu, čo nahráva do karát developerom. Trh čakajú zmeny v zložení obyvateľstva. 
610 2 0 |a nehnuteľnosti 
610 2 0 |a cena nehnuteľností 
610 2 0 |a bývanie 
610 2 0 |a pozemky 
610 2 0 |a byty 
610 2 0 |a trh bytový 
610 2 0 |a trh realitný 
100 1 |a Vašuta, Tomáš